MARC details
| 000 -CABECERA |
| campo de control de longitud fija |
02700nam a2200289 a 4500 |
| 003 - IDENTIFICADOR DEL NÚMERO DE CONTROL |
| campo de control |
MX-MxUPN |
| 005 - FECHA Y HORA DE LA ÚLTIMA TRANSACCIÓN |
| campo de control |
20241114063737.0 |
| 008 - ELEMENTOS DE LONGITUD FIJA--INFORMACIÓN GENERAL |
| campo de control de longitud fija |
241108s2023 mx |||||r|||| 000 0 spa d |
| 020 ## - NÚMERO INTERNACIONAL NORMALIZADO PARA LIBROS |
| Número Internacional Estándar del Libro |
9786078866489 (Gedisa) |
| 020 ## - NÚMERO INTERNACIONAL NORMALIZADO PARA LIBROS |
| Número Internacional Estándar del Libro |
9786075450865 (UATx) |
| 040 ## - FUENTE DE LA CATALOGACIÓN |
| Centro catalogador/agencia de origen |
MX-MxUPN |
| Lengua de catalogación |
spa |
| Centro/agencia transcriptor |
MX-MxUPN |
| 041 0# - CÓDIGO DE IDIOMA |
| Código de lengua del texto/banda sonora o título independiente |
spa |
| 050 00 - SIGNATURA TOPOGRÁFICA DE LA BIBLIOTECA DEL CONGRESO |
| Número de clasificación |
LB1139.3 M6 |
| Número de documento/Ítem |
C36 2023 |
| 245 00 - MENCIÓN DE TÍTULO |
| Título |
Caminando juntos : |
| Resto del título |
primeras aproximaciones de la universidad pública a la formación , investigación e innovación para la atención integral a la primera infancia. |
| Número de parte o sección de la obra |
Volumen 1 |
| 250 ## - MENCIÓN DE EDICIÓN |
| Mención de edición |
Primera edición. |
| 260 ## - PUBLICACIÓN, DISTRIBUCIÓN, ETC. |
| Lugar de publicación, distribución, etc. |
Tlaxcala, Tlaxcala : |
| Nombre del editor, distribuidor, etc. |
Universidad Autónoma de Tlaxcala |
| 260 ## - PUBLICACIÓN, DISTRIBUCIÓN, ETC. |
| Lugar de publicación, distribución, etc. |
Ciudad de México : |
| Nombre del editor, distribuidor, etc. |
Gedisa, |
| Fecha de publicación, distribución, etc. |
2023. |
| 300 ## - DESCRIPCIÓN FÍSICA |
| Extensión |
239 páginas |
| 505 00 - NOTA DE CONTENIDO CON FORMATO PREESTABLECIDO |
| Título |
La atención infantil desde la perspectiva de actoras y actores: deontología y ontología desde una práctica situada / |
| Mención de responsabilidad |
Martín Plascencia González, Cecilia Alba Villalobos -- |
| Título |
Cualidades y competencias docentes. Una lectura para educadoras/es de la primera infancia / |
| Mención de responsabilidad |
Cirila Cervera Delgado -- |
| Título |
La enseñanza interdisciplinaria del arte para detectar situaciones de violencia en la primera infancia / |
| Mención de responsabilidad |
Dennis Azucena Téllez Hernández, Maricela Zúñiga Rodríguez, Irma Quintero López, Rosemary Selena Lara Villanueva, Javier Moreno Tapia -- |
| Título |
El papel de las y los agentes educativos como tutores resilientes en educación inicial / |
| Mención de responsabilidad |
Guadalupe Velázquez Flores, Diana Itzel Cuatepotzo Díaz -- |
| Título |
Programa de educación no formal para población infantil vulnerable / |
| Mención de responsabilidad |
Mónica Cecilia Dávila Navarro, Roberto Chávez Nava -- |
| Título |
Percepción de la y el docente sobre la intervención pedagógica en áreas formativas en educación inicial / |
| Mención de responsabilidad |
Heana Berenice Rodríguez Saldierna, Hugo Isaías Molina Montalvo -- |
| Título |
El juego en la primera infancia y su relación con el bienestar infantil. Una revisión de la literatura internacional / |
| Mención de responsabilidad |
Marco Antonio Delgado-Fuentes, María Clotilde Juárez-Hernández, Claudia Alaniz Hernández, Areli Adriana Castañeda Díaz -- |
| Título |
Los agentes educativos ante la educación de excelencia / |
| Mención de responsabilidad |
Blanca Lía Parada Padilla, Teresa de Jesús Ramos Murillo, Rosa Virginia Torres Hernández -- |
| Título |
Desigualdad y diversidad en la educación con infancias en las escuelas: experiencias docentes durante la pandemia / |
| Mención de responsabilidad |
Martín Plascencia González, Kathia Núñez Patiño. |
| 650 #4 - ASIENTO SECUNDARIO DE MATERIA - TERMINO TEMATICO |
| Término de materia o nombre geográfico como elemento de entrada |
Educación de la primera infancia |
| Subdivisión geográfica |
México |
| 9 (RLIN) |
22990 |
| 650 #4 - ASIENTO SECUNDARIO DE MATERIA - TERMINO TEMATICO |
| Término de materia o nombre geográfico como elemento de entrada |
Niños |
| Subdivisión geográfica |
México |
| Subdivisión general |
Condiciones sociales |
| 9 (RLIN) |
15783 |
| 700 1# - ASIENTO SECUNDARIO--NOMBRE DE PERSONAL |
| Nombre de persona |
Leal Apaéz, M. Elizabeth |
| 9 (RLIN) |
54621 |
| Término indicativo de función/relación |
coordinación |
| 700 1# - ASIENTO SECUNDARIO--NOMBRE DE PERSONAL |
| Nombre de persona |
Ramírez Castillo, Ary Elzyra |
| 9 (RLIN) |
54622 |
| Término indicativo de función/relación |
coordinación |
| 902 ## - ELEMENTOS DE DATOS B LOCAL, LDB (RLIN) |
| Creó |
MarisolLicea/08112024 |
| Modificó |
Víctor Ruiz/131124 |
| 942 ## - ELEMENTOS DE PUNTO DE ACCESO ADICIONAL (KOHA) |
| Fuente del sistema de clasificación o colocación |
Library of Congress Classification |
| Tipo de ítem Koha |
Libro |
| Suprimir en OPAC |
No |